000 00593nam a2200181Ia 4500
005 20250923144621.0
008 008 250917s9999 xx 000 0 eng d
037 _aTextual
040 _aDSWL
_beng
_cDSWL
041 _aeng
_2eng
084 _aX8(HZ):9.271'N57t4, N58
_qDSWL
100 _aBambha, M.P.
_9826671
245 0 _aWorking and living conditions of miners in keonjhar
_cby M.P. Bambha
260 _aDelhi
_bDelhi Delhi School of Social Work
_c1958
300 _aiii,94p.
942 _cTEXL
_hX8(HZ):9.271'N57t4, N58
999 _c1441210
_d1441210